| 000 | 00772 a2200193 4500 | ||
|---|---|---|---|
| 001 | 46794 | ||
| 005 | 20260407155738.0 | ||
| 008 | 260407a1977 arg spa d | ||
| 003 | AR-UNSa-BCEJYS | ||
| 040 |
_aAR-UNSa-BCEJYS _bspa _cAR-UNSa-BCEJYS |
||
| 080 |
_a369.5 _xSeguro de vejez (de jubilación) |
||
| 245 | 1 | 0 | _aRégimen jubilatorio del trabajo subordinado |
| 264 | 1 |
_aBuenos Aires : _bVíctor P. de Zavalía _c1977 |
|
| 300 |
_a166 p. _c23 cm. |
||
| 505 | _a1. Estructura de la seguridad social – 2. Estructura, tipos jubilatorios, pensiones – 3. Haberes previsionales – 4. Deberes previsionales – 5. Órganos previsionales – 6. Interpretación previsional. | ||
| 942 | _cBK | ||
| 590 | _aniveau_biblio:m niveau_hierar:0 | ||
| 100 | 1 | _aCapon Filas, Rodolfo | |
| 999 |
_c4248 _d4248 |
||